000 00375 a2200157 4500
001 74928
020 _a9788572722964
040 _cAnchieta - Colégio São Paulo
100 _aFernandez Gonçalves, Jeosafá
240 1 0 _aFaz de conta no jardim
_lpor
245 1 0 _aFaz de conta no jardim
300 _a22
362 0 _a2011
650 4 _aLiteratura infantil
942 _cBK
999 _c74928
_d74928